| 000 | 00873cam a2200229 a 4500 | ||
|---|---|---|---|
| 999 |
_c38066 _d38066 |
||
| 020 | _a9781847874313 (hbk.) | ||
| 041 | _aEnglish. | ||
| 082 | 0 | 0 |
_a364.360941 _bMUN-Y |
| 100 | 1 |
_aMuncie, John. _eauthor. |
|
| 245 | 1 | 0 |
_aYouth & crime / _cJohn Muncie. |
| 246 | 3 | _aYouth and crime | |
| 250 | _a3rd ed. | ||
| 260 |
_aLos Angeles : _aLondon : _bSAGE, _c2009. |
||
| 300 |
_axxiii, 463p. _bill. ; |
||
| 500 | _aPrevious ed.: 2004. | ||
| 504 | _aIncludes bibliographical references (p. [407]-448) and index. | ||
| 520 | _aYouth research and criminology are the topics introduced by this book. The work includes social histories, the extent and causes of offending, youth cultures, social policy and the youth justice system. Study questions are also provided. | ||
| 546 | _aEnglish. | ||
| 650 | 0 | _aCriminal behavior. | |
| 650 | 0 | _aJuvenile delinquency. | |
| 942 |
_2ddc _cBK |
||